00939cam a22003014i 450000100090000000300060000900500170001500800410003201000150007302000150008804000230010304200080012605000230013408200210015710000250017824501120020325000200031526400360033530000230037133600260039433700280042033800270044850000190047550000630049450400400055765000210059765000190061852465066OCoLC20181108115750.0020731r20021995nyu b 000 0 eng  a2002110918 a0446691100 aDLCerdacDLCbeng apcc00aBT751.2b.M49 200200a234.1222bM612G1 aMeyer, Joyce,d1943-10aIf not for the grace of God :blearning to live independent of frustrations and struggles /cby Joyce Meyer aWarner Books ed 1aNew York :bWarner Books,c2002 a200 pages ;c22 cm atextbtxt2rdacontent aunmediatedbn2rdamedia avolumebnc2rdacarrier a"Warner faith" aOriginally published: Tulsa, Okla. : Harrison House, c1995 aIncludes bibliographical references 0aGrace (Theology) 0aChristian life